| 000 | 01301cad a22002295a 4500 | ||
|---|---|---|---|
| 001 | L151654 | ||
| 008 | 101125s2010 xxk 000 0 eng d | ||
| 035 | _a(Sirsi) u151654 | ||
| 041 | 0 | _aeng | |
| 050 | 0 | 4 | _a333.33 $2 18 |
| 110 | 2 |
_aRoyal Institution of Chartered Surveyors _bEconomics _95033 |
|
| 245 | 0 | 0 |
_aRICS global distressed property monitor _bQ3 2010 _h[electronic resource] |
| 260 |
_aLondon _bRICS _c2010 |
||
| 490 | 0 |
_aRICS Global Distressed Property Monitor _vQ3 2010 |
|
| 520 | _aRICS Global Distressed Property Monitor Q3 2010 shows only a modest pick-up in distressed properties coming to market at a global level. Property professionals in more countries are reporting an increase in enquiries into distressed listings from specialist funds. The outlook for the distressed property market is looking positive with the US and UK markets at the highest level but Russia, Hong Kong and Brazil declining the most. | ||
| 590 | _aKA | ||
| 651 | 4 | _aInternational | |
| 690 | _aPROPERTY-COMMERCIAL PROPERTY-COMMERCIAL PROPERTY FINANCE AND INVESTMENT | ||
| 690 | _aPROPERTY-COMMERCIAL PROPERTY-COMMERCIAL PROPERTY MARKET | ||
| 856 | 4 | 0 |
_uhttps://www.rics.org/site/download_feed.aspx?fileID=8197&fileExtension=PDF _zView the document free of charge (pdf file) at www.rics.org |
| 942 | _n0 | ||
| 999 |
_c111517 _d111517 |
||